000 01038nam a22002535a 4500
005 20160620134144.0
008 160620s2014 ii a fr 000 0 eng d
020 _a9788123923710
040 _aEG-ScBUE
_beng
_cEG-ScBUE
_dEG-ScBUE
082 0 4 _a620.00151
_bSAR
_222
100 1 _aSarna, I. J. S.
_940276
245 1 0 _aEngineering mathematics.
_nII /
_cI. J. S. Sarna.
246 3 _aEngineering mathematics-II
250 _a1st ed.
260 _aNew Delhi :
_bCBS Publishers & Distributors PVT. LTD.,
_c2014.
300 _a(Various pagings) :
_bill. ;
_c24 cm.
500 _aIn accordance with prescribed syllabus of AMIETE-ET/CS/IT (New Scheme) code : AE-56 / Ac-56 /AT-56.
500 _aIncluding over 500 problems with solutions completely solved in detail.
521 _aAlso for engineering , technology and applied sciences examinations of various Universities and engineering colleges of India and abroad.
650 7 _2BUEsh
_93194
_aEngineering mathematics.
651 _2BUEsh
653 _bENGGEN
_cJune2016
942 _2ddc
999 _c21931
_d21903